[Event "POL-chT 2nd League"]
[Site "Jastrzebia Gora"]
[Date "2023.09.09"]
[Round "8.129"]
[White "Spyra, Piotr"]
[Black "Ziemniak, Piotr"]
[Result "1/2-1/2"]
[WhiteElo "1850"]
[BlackElo "1793"]
[PlyCount "72"]
[EventDate "2023.09.02"]
[EventType "team-swiss"]
[EventRounds "9"]
[EventCountry "POL"]
[SourceTitle "EXT 2024"]
[Source "ChessBase"]
[SourceDate "2023.10.10"]
[SourceVersion "1"]
[SourceVersionDate "2023.10.10"]
[SourceQuality "1"]
[WhiteTeam "Marklowice Hetman"]
[BlackTeam "Rzeszow RzKSz"]
[WhiteTeamCountry "POL"]
[BlackTeamCountry "POL"]

1. e4 c5 2. c3 d6 3. d4 Nc6 4. Nf3 Nf6 5. Bd3 cxd4 6. cxd4 g6 7. Nc3 Bg7 8. h3 0-0 9. Be3 e5 10. d5 Nb4 11. Be2 a5 12. 0-0 Bd7 13. a3 Na6 14. Nd2 Qb8 15. Nc4 Qc7 16. Bb6 Qb8 17. Nxa5 Nc5 18. f3 Rxa5 19. Bxa5 Qa7 20. Kh2 Bh6 21. g3 Nh5 22. f4 exf4 23. Bxh5 fxg3+ 24. Kxg3 Qxa5 25. b4 Qd8 26. Bg4 f5 27. bxc5 fxg4 28. hxg4 Bg7 29. Rxf8+ Qxf8 30. Qd2 Be5+ 31. Kg2 Bxg4 32. Qe3 Qf6 33. Rf1 Qh4 34. Rh1 Qf6 35. Rf1 Qh4 36. Rh1 Qf6 1/2-1/2

[Event "POL-chT 2nd League"]
[Site "Jastrzebia Gora"]
[Date "2023.09.03"]
[Round "2.93"]
[White "Ziemniak, Piotr"]
[Black "Cajbel, Maciej"]
[Result "1/2-1/2"]
[WhiteElo "1793"]
[BlackElo "2151"]
[PlyCount "81"]
[EventDate "2023.09.02"]
[EventType "team-swiss"]
[EventRounds "9"]
[EventCountry "POL"]
[SourceTitle "EXT 2024"]
[Source "ChessBase"]
[SourceDate "2023.10.10"]
[SourceVersion "1"]
[SourceVersionDate "2023.10.10"]
[SourceQuality "1"]
[WhiteTeam "Rzeszow RzKSz"]
[BlackTeam "Wisznia Mala Bialy Krol"]
[WhiteTeamCountry "POL"]
[BlackTeamCountry "POL"]

1. e4 c5 2. Nf3 g6 3. d4 Bg7 4. Nc3 cxd4 5. Nxd4 Nc6 6. Be3 Nf6 7. Nxc6 bxc6 8. e5 Nd5 9. Nxd5 cxd5 10. Qxd5 Rb8 11. Bc4 0-0 12. Bxa7 Bb7 13. Qd2 Ra8 14. Bd4 Qc7 15. Qc3 Rfc8 16. Bxf7+ Kxf7 17. e6+ dxe6 18. Bxg7 Qb6 19. Bd4 Rxc3 20. Bxb6 Rxc2 21. Bd4 Ra4 22. Be3 Bxg2 23. Rg1 Bd5 24. Rg3 Rxb2 25. a3 h5 26. h3 h4 27. Rg4 Rxg4 28. hxg4 e5 29. Kf1 Bf3 30. g5 Ke6 31. Kg1 Kf5 32. Kh2 Rc2 33. a4 Bb7 34. a5 Ba6 35. Kh3 Rc4 36. Kh2 Rb4 37. Kh3 Rc4 38. Kh2 Kg4 39. Ra3 Rb4 40. Ra1 Kf5 41. Kh3 1/2-1/2

[Event "POL-chT 2nd League"]
[Site "Jastrzebia Gora"]
[Date "2023.09.02"]
[Round "1.81"]
[White "Ziemniak, Piotr"]
[Black "Gumula, Daniel"]
[Result "1/2-1/2"]
[WhiteElo "1793"]
[BlackElo "2146"]
[PlyCount "182"]
[EventDate "2023.09.02"]
[EventType "team-swiss"]
[EventRounds "9"]
[EventCountry "POL"]
[SourceTitle "EXT 2024"]
[Source "ChessBase"]
[SourceDate "2023.10.10"]
[SourceVersion "1"]
[SourceVersionDate "2023.10.10"]
[SourceQuality "1"]
[WhiteTeam "Rzeszow RzKSz"]
[BlackTeam "Gdansk Korona"]
[WhiteTeamCountry "POL"]
[BlackTeamCountry "POL"]

1. e4 c5 2. Nf3 a6 3. d4 cxd4 4. Nxd4 Nf6 5. Bd3 Nc6 6. Nxc6 dxc6 7. 0-0 e5 8. h3 Bc5 9. Nc3 h6 10. Qe2 0-0 11. Be3 Nd7 12. a3 Bxe3 13. Qxe3 Qg5 14. Qxg5 hxg5 15. b4 Rd8 16. Rad1 Kf8 17. Bc4 Ke7 18. Rd2 a5 19. Rfd1 axb4 20. axb4 Rh8 21. b5 Nc5 22. f3 Ra3 23. Ne2 Ra4 24. Bb3 Rb4 25. bxc6 bxc6 26. Rd6 Rh6 27. Rxh6 gxh6 28. Nc1 Ba6 29. Kf2 Nxb3 30. Nxb3 Rc4 31. Rd2 Bb5 32. Nc1 Ba4 33. Nd3 Ke6 34. Ne1 h5 35. Ke3 h4 36. Kd3 Bb5 37. Ke3 Rc3+ 38. Kf2 Ba4 39. Rd3 Rc4 40. Rd2 Bb5 41. g3 hxg3+ 42. Kxg3 Rc3 43. Kf2 Ba4 44. Rd3 Rc4 45. Rd2 f5 46. exf5+ Kxf5 47. Ng2 Ke6 48. Ne1 c5 49. Re2 Kd5 50. Ng2 Kd6 51. Ne1 Rd4 52. Ke3 Rd1 53. Nd3 Bb5 54. Rg2 c4 55. Nf2 Re1+ 56. Kd2 Rf1 57. Ne4+ Ke6 58. Nxg5+ Kf5 59. Ke3 c3 60. Ne4 Re1+ 61. Kf2 Re2+ 62. Kg3 Rxg2+ 63. Kxg2 Ba4 64. Kg3 Bxc2 65. Nxc3 Bd3 66. Nd5 Kg5 67. Ne3 Be2 68. h4+ Kh5 69. Ng4 Bxf3 70. Nxe5 Bd1 71. Nd3 Kh6 72. Nf2 Be2 73. Ne4 Bd1 74. Ng5 Be2 75. Ne4 Bd1 76. Kh3 Be2 77. Ng3 Bd3 78. Kg4 Bc2 79. Kf4 Bb1 80. Nf1 Kh5 81. Kg3 Bd3 82. Ne3 Be2 83. Nd5 Kh6 84. Nf6 Bd1 85. Kf4 Be2 86. Kf5 Bd3+ 87. Kg4 Be2+ 88. Kf4 Bd1 89. Ne4 Kh5 90. Kg3 Kh6 91. Nc3 Bb3 1/2-1/2

[Event "POL-chT 2nd League"]
[Site "Jastrzebia Gora"]
[Date "2022.09.11"]
[Round "9.127"]
[White "Ziemniak, Piotr"]
[Black "Brylski, Pawel"]
[Result "0-1"]
[WhiteElo "1816"]
[BlackElo "1971"]
[PlyCount "56"]
[EventDate "2022.09.03"]
[EventType "team-swiss"]
[EventRounds "9"]
[EventCountry "POL"]
[SourceTitle "CBM 210 Extra"]
[Source "ChessBase"]
[SourceDate "2022.11.30"]
[SourceVersion "1"]
[SourceVersionDate "2022.11.30"]
[SourceQuality "1"]
[WhiteTeam "Rzeszow RzKSz"]
[BlackTeam "Krakow Cracovia"]
[WhiteTeamCountry "POL"]
[BlackTeamCountry "POL"]

1. e4 c5 2. Nf3 Nc6 3. d4 cxd4 4. Nxd4 Nf6 5. Nc3 e5 6. Ndb5 d6 7. Bg5 a6 8. Bxf6 gxf6 9. Na3 b5 10. Nd5 Bg7 11. c4 f5 12. cxb5 Nd4 13. f3 fxe4 14. fxe4 Qh4+ 15. Kd2 Bh6+ 16. Kc3 0-0 17. g3 Qd8 18. b3 axb5 19. Kb2 Be6 20. Nxb5 Bxd5 21. exd5 Qa5 22. a4 Rfc8 23. Nxd4 exd4 24. Bc4 Rxc4 25. bxc4 Qc3+ 26. Ka2 Qb4 27. Qb3 Rxa4+ 28. Kb2 Qd2+ 0-1

[Event "POL-chT 2nd League"]
[Site "Jastrzebia Gora"]
[Date "2022.09.09"]
[Round "7.122"]
[White "Ziemniak, Piotr"]
[Black "Spyra, Piotr"]
[Result "1/2-1/2"]
[WhiteElo "1816"]
[BlackElo "1901"]
[PlyCount "87"]
[EventDate "2022.09.03"]
[EventType "team-swiss"]
[EventRounds "9"]
[EventCountry "POL"]
[SourceTitle "CBM 210 Extra"]
[Source "ChessBase"]
[SourceDate "2022.11.30"]
[SourceVersion "1"]
[SourceVersionDate "2022.11.30"]
[SourceQuality "1"]
[WhiteTeam "Rzeszow RzKSz"]
[BlackTeam "Marklowice Hetman"]
[WhiteTeamCountry "POL"]
[BlackTeamCountry "POL"]

1. e4 c6 2. d4 d5 3. Nc3 dxe4 4. Nxe4 Bf5 5. Ng3 Bg6 6. Nf3 Nd7 7. h4 h6 8. Bd3 Bxd3 9. Qxd3 e6 10. Bf4 Qa5+ 11. Bd2 Bb4 12. a3 Bxd2+ 13. Qxd2 Qb5 14. Qb4 Ngf6 15. Qxb5 cxb5 16. Nd2 Rc8 17. c3 a5 18. Nde4 Ke7 19. Ke2 Nd5 20. Rhc1 a4 21. Nf1 f5 22. Ned2 N7b6 23. g3 g5 24. Nf3 Kf6 25. N1d2 Rh7 26. Rh1 g4 27. Ne5 Nd7 28. Nxd7+ Rxd7 29. Rhg1 Nb6 30. Rae1 Re8 31. Kd1 e5 32. Rxe5 Rxe5 33. dxe5+ Kxe5 34. Re1+ Kd5 35. Kc2 Rd6 36. Nf1 Nc4 37. Ne3+ Kc5 38. Nxc4 Kxc4 39. Re7 Rf6 40. h5 f4 41. Rg7 fxg3 42. Rxg4+ Kc5 43. fxg3 Rf2+ 44. Kb1 1/2-1/2

[Event "POL-ch Seniors"]
[Site "Szklarska Poreba"]
[Date "2022.05.20"]
[Round "9"]
[White "Bernat, Marcin"]
[Black "Ziemniak, Piotr"]
[Result "1-0"]
[WhiteElo "1930"]
[BlackElo "1822"]
[PlyCount "95"]
[EventDate "2022.05.13"]
[EventType "swiss"]
[EventRounds "9"]
[EventCountry "POL"]
[SourceTitle "EXT 2024"]
[Source "ChessBase"]
[SourceDate "2023.10.10"]
[SourceVersion "1"]
[SourceVersionDate "2023.10.10"]
[SourceQuality "1"]

1. d4 d6 2. Nf3 Bg4 3. g3 Bxf3 4. exf3 Nd7 5. f4 Ngf6 6. Bg2 c6 7. 0-0 e6 8. b3 Be7 9. Bb2 h5 10. h3 Qa5 11. Nd2 g5 12. d5 gxf4 13. dxc6 bxc6 14. Bxc6 Rc8 15. Bg2 Rg8 16. Nc4 Qc7 17. gxf4 Nd5 18. Qf3 Qc6 19. Kh1 Nb4 20. Qxc6 Nxc6 21. Rad1 d5 22. Ne3 f5 23. c4 dxc4 24. Nxc4 Nb6 25. Nd6+ Bxd6 26. Rxd6 Nb4 27. Rxe6+ Kf7 28. Rf6+ Ke8 29. Re1+ Kd8 30. Rf7 Rc7 31. Rd1+ Kc8 32. Rxf5 Rc2 33. Rc1 Rxc1+ 34. Bxc1 Nxa2 35. Bd2 Rd8 36. Rc5+ Kb8 37. Rc2 Rxd2 38. Rxd2 Nc1 39. b4 Nc8 40. Rd7 Nb6 41. Rb7+ Kc8 42. Rxa7 Nd3 43. b5 Nxf4 44. Rf7 Nd3 45. Kg1 Nc4 46. Bf1 Nde5 47. Rf8+ Kc7 48. Bxc4 1-0

[Event "POL-ch Seniors"]
[Site "Szklarska Poreba"]
[Date "2022.05.17"]
[Round "5"]
[White "Ziemniak, Piotr"]
[Black "Zawierucha, Aleksander"]
[Result "1/2-1/2"]
[WhiteElo "1822"]
[BlackElo "1941"]
[PlyCount "124"]
[EventDate "2022.05.13"]
[EventType "swiss"]
[EventRounds "9"]
[EventCountry "POL"]
[SourceTitle "EXT 2024"]
[Source "ChessBase"]
[SourceDate "2023.10.10"]
[SourceVersion "1"]
[SourceVersionDate "2023.10.10"]
[SourceQuality "1"]

1. e4 Nf6 2. Nc3 d5 3. e5 d4 4. exf6 dxc3 5. fxg7 cxd2+ 6. Qxd2 Qxd2+ 7. Bxd2 Bxg7 8. c3 Nc6 9. Be2 Bf5 10. Nf3 0-0-0 11. 0-0-0 a6 12. h3 e5 13. Nh4 Be4 14. f3 Bd5 15. Nf5 Bf6 16. b3 Rhg8 17. Rhg1 Be6 18. Nh6 Rg6 19. Ng4 Be7 20. Be3 Ba3+ 21. Kc2 Rxd1 22. Kxd1 f5 23. Nf2 f4 24. Bd2 Bc5 25. Ke1 Ne7 26. Bd3 Rg7 27. Kf1 Nf5 28. Bxf5 Bxf5 29. Rh1 Bb1 30. b4 Ba7 31. Ng4 Re7 32. Ke2 Bxa2 33. Re1 h5 34. Nf6 Bc4+ 35. Kd1 Bf2 36. Rh1 Rg7 37. Nxh5 Rxg2 38. Nf6 Bh4 39. Ng4 Be2+ 40. Kc1 Bxf3 41. Nxe5 Be4 42. Rf1 Rf2 43. Rxf2 Bxf2 44. Bxf4 Bg2 45. Ng4 Bh4 46. Ne3 Bxh3 47. Nd5 c6 48. Nb6+ Kd8 49. Nc4 Kd7 50. Nd6 b5 51. Ne4 Be7 52. Nc5+ Bxc5 53. bxc5 Ke6 54. Kb2 Kd5 55. Bd6 Kc4 56. Be7 a5 57. Bf8 a4 58. Be7 Bg4 59. Bf8 Bd1 60. Be7 a3+ 61. Kxa3 Kxc3 62. Bf6+ Kc4 1/2-1/2

[Event "Subcarpathian-chT"]
[Site "Bystre"]
[Date "2021.06.09"]
[Round "1.16"]
[White "Karas, Kacper"]
[Black "Ziemniak, Piotr"]
[Result "0-1"]
[WhiteElo "1281"]
[BlackElo "1796"]
[PlyCount "100"]
[EventDate "2021.06.09"]
[EventType "team-tourn"]
[EventRounds "9"]
[EventCountry "POL"]
[SourceTitle "EXT 2022"]
[Source "ChessBase"]
[SourceDate "2021.10.06"]
[SourceVersion "1"]
[SourceVersionDate "2021.10.06"]
[SourceQuality "1"]

1. c4 Nf6 2. g3 g6 3. Bg2 Bg7 4. Nc3 d6 5. d4 0-0 6. e4 c6 7. Nge2 e5 8. 0-0 Nbd7 9. Be3 Ng4 10. Bc1 Qb6 11. d5 c5 12. Rb1 a6 13. a3 Qc7 14. Qd3 f5 15. f4 Nh6 16. Be3 fxe4 17. Nxe4 Ng4 18. Ng5 Ndf6 19. fxe5 Nxe5 20. Qb3 Qe7 21. Ne6 Bxe6 22. dxe6 Qxe6 23. Rxf6 Qxf6 24. Rf1 Qe7 25. Bd5+ Kh8 26. Nf4 Ng4 27. Re1 Nxe3 28. Rxe3 Qxe3+ 29. Qxe3 Bd4 30. Qxd4+ cxd4 31. Ne6 Rf6 32. Nxd4 Rb8 33. Ne6 b5 34. b3 bxc4 35. Bxc4 a5 36. Nf4 Re8 37. Kg2 g5 38. Nd5 Rf5 39. g4 Rxd5 40. Bxd5 Re5 41. Bf3 Kg7 42. Kf2 Kf6 43. Be2 h6 44. b4 axb4 45. axb4 Re4 46. b5 Rb4 47. Ke3 Ke5 48. h3 Kd5 49. Bf3+ Kc5 50. Bc6 d5 0-1

[Event "POL-chT 2nd League"]
[Site "Poronin"]
[Date "2020.09.12"]
[Round "8.18"]
[White "Lach, Piotr"]
[Black "Ziemniak, Piotr"]
[Result "1/2-1/2"]
[WhiteElo "2079"]
[BlackElo "1741"]
[PlyCount "107"]
[EventDate "2020.09.05"]
[EventType "team-swiss"]
[EventRounds "9"]
[EventCountry "POL"]
[SourceTitle "CBM 198 Extra"]
[Source "ChessBase"]
[SourceDate "2020.11.30"]
[SourceVersion "1"]
[SourceVersionDate "2020.11.30"]
[SourceQuality "1"]
[WhiteTeam "Myslenice MLKSz"]
[BlackTeam "Rzeszow RzKSz"]
[WhiteTeamCountry "POL"]
[BlackTeamCountry "POL"]

1. d4 Nf6 2. Nc3 c5 3. d5 d6 4. Nf3 g6 5. e4 Bg7 6. Be2 e5 7. 0-0 0-0 8. Nd2 Ne8 9. Nc4 f5 10. exf5 gxf5 11. f4 e4 12. Be3 Nd7 13. a4 Nb6 14. a5 Nxc4 15. Bxc4 Bd7 16. Ra2 Qh4 17. Qe1 Qh5 18. Be2 Qf7 19. Qd1 Nf6 20. g3 h5 21. h4 Kh7 22. Kf2 Rg8 23. Rg1 Ng4+ 24. Bxg4 hxg4 25. Nb1 Bf6 26. Rh1 Qg7 27. c3 Bb5 28. Nd2 Bd3 29. Qb3 Rgc8 30. Nc4 Rd8 31. Bd2 Qe7 32. Ne3 Qd7 33. Qa4 Qc8 34. b4 c4 35. Raa1 Rf8 36. Qb5 Bd8 37. Qa4 a6 38. Qa2 b5 39. Rh2 Qb7 40. Re1 Bc7 41. Kg1 Rae8 42. Qb2 Bb8 43. Bc1 Ba7 44. Qf2 Re7 45. Bd2 Rg7 46. Rg2 Qf7 47. Rh2 Re8 48. Rg2 Qf6 49. Rh2 Rge7 50. Kg2 Qf7 51. Kg1 Bc2 52. Bc1 Bb3 53. Qd2 Qf6 54. Kf1 1/2-1/2

[Event "POL-chT 2nd League"]
[Site "Poronin"]
[Date "2020.09.10"]
[Round "6.17"]
[White "Papka, Sebastian"]
[Black "Ziemniak, Piotr"]
[Result "1-0"]
[WhiteElo "2139"]
[BlackElo "1741"]
[PlyCount "95"]
[EventDate "2020.09.05"]
[EventType "team-swiss"]
[EventRounds "9"]
[EventCountry "POL"]
[SourceTitle "CBM 198 Extra"]
[Source "ChessBase"]
[SourceDate "2020.11.30"]
[SourceVersion "1"]
[SourceVersionDate "2020.11.30"]
[SourceQuality "1"]
[WhiteTeam "Konin Hetman"]
[BlackTeam "Rzeszow RzKSz"]
[WhiteTeamCountry "POL"]
[BlackTeamCountry "POL"]

1. d4 d6 2. Nf3 Nf6 3. c4 g6 4. Nc3 Bg7 5. e4 0-0 6. Be2 e5 7. d5 a5 8. Bg5 h6 9. Bh4 Na6 10. Nd2 Qe8 11. 0-0 Nd7 12. a3 Bf6 13. Bxf6 Nxf6 14. b4 axb4 15. axb4 Bd7 16. Qb3 Nh7 17. Ra5 Rc8 18. c5 Nb8 19. Ra7 dxc5 20. bxc5 Qe7 21. Qa3 Bh3 22. Nf3 Bg4 23. Rxb7 Bxf3 24. Bxf3 Ng5 25. Bd1 Nd7 26. d6 cxd6 27. Nd5 Qe6 28. Rxd7 Rxc5 29. Re7 Qc8 30. Rxe5 dxe5 31. Ne7+ Kg7 32. Nxc8 Rcxc8 33. Bg4 Rce8 34. Qe3 Ne6 35. Bxe6 Rxe6 36. h4 h5 37. Rb1 Rfe8 38. g3 R8e7 39. Kg2 Kh7 40. Rb6 Kg7 41. Rxe6 Rxe6 42. f4 exf4 43. gxf4 Kh7 44. Kf3 Kg7 45. Qc5 Ra6 46. e5 Re6 47. Ke4 Kh7 48. Qf8 1-0

[Event "POL-chT 2nd League"]
[Site "Jastrzebia Gora"]
[Date "2019.09.15"]
[Round "9.22"]
[White "Ziemniak, Piotr"]
[Black "Pasieka, Marcin"]
[Result "1/2-1/2"]
[WhiteElo "1803"]
[BlackElo "1931"]
[PlyCount "45"]
[EventDate "2019.09.07"]
[EventType "team-swiss"]
[EventRounds "9"]
[EventCountry "POL"]
[SourceTitle "EXT 2020"]
[Source "ChessBase"]
[SourceDate "2019.10.17"]
[SourceVersion "1"]
[SourceVersionDate "2019.10.17"]
[SourceQuality "1"]
[WhiteTeam "Rzeszow RzKSz"]
[BlackTeam "Podlesie UKS 21"]
[WhiteTeamCountry "POL"]
[BlackTeamCountry "POL"]

1. e4 e5 2. Nc3 Nf6 3. Bc4 Nc6 4. d3 Na5 5. Nf3 d6 6. 0-0 Be7 7. Bg5 Bg4 8. h3 Bh5 9. Bb3 Nxb3 10. axb3 h6 11. Bxf6 Bxf6 12. Nd5 c6 13. Ne3 d5 14. Nf5 0-0 15. Ng3 Bg6 16. Qe2 Re8 17. Qe3 a6 18. Rad1 h5 19. Rfe1 h4 20. Nf1 Bh5 21. g4 hxg3 22. fxg3 Qd6 23. g4 1/2-1/2

[Event "POL-chT 2nd League"]
[Site "Szklarska Poreba"]
[Date "2017.09.07"]
[Round "6.17"]
[White "Ziemniak, Piotr"]
[Black "Koszkul, Wojciech"]
[Result "1/2-1/2"]
[WhiteElo "1801"]
[BlackElo "2058"]
[PlyCount "88"]
[EventDate "2017.09.02"]
[EventType "team-swiss"]
[EventRounds "9"]
[EventCountry "POL"]
[SourceTitle "CBM 180 Extra"]
[Source "ChessBase"]
[SourceDate "2017.10.06"]
[SourceVersion "1"]
[SourceVersionDate "2017.10.06"]
[SourceQuality "1"]
[WhiteTeam "Rzeszow"]
[BlackTeam "Przedwojow Debiut"]
[WhiteTeamCountry "POL"]
[BlackTeamCountry "POL"]

1. e4 c6 2. d4 d5 3. Nc3 Nf6 4. e5 Nfd7 5. Bd3 e6 6. Nf3 c5 7. dxc5 Bxc5 8. 0-0 Nc6 9. Re1 a6 10. a3 Be7 11. b4 0-0 12. b5 axb5 13. Nxb5 b6 14. c4 dxc4 15. Bxc4 Ndxe5 16. Be2 Qxd1 17. Rxd1 Ba6 18. Nxe5 Nxe5 19. a4 Bc5 20. Bb2 Ng6 21. Bf3 Rad8 22. Rac1 Nf4 23. Bd4 Bxb5 24. Bxc5 Rxd1+ 25. Bxd1 Nd3 26. Bxf8 Nxc1 27. Ba3 Ne2+ 28. Bxe2 Bxe2 29. Bb2 Bd1 30. Bd4 Bxa4 31. Bxb6 Kf8 32. Bc5+ Ke8 33. h4 Kd7 34. f4 f6 35. Bf8 g6 36. Kf2 e5 37. fxe5 fxe5 38. g3 Ke6 39. Bh6 Kf5 40. Bg5 Bc6 41. Bh6 Ke4 42. Bg5 Bd7 43. Bh6 Bg4 44. Bg5 h5 1/2-1/2

[Event "POL-chT 2nd League"]
[Site "Jastrzebia Gora"]
[Date "2016.09.09"]
[Round "7.93"]
[White "Czachor, Grzegorz"]
[Black "Ziemniak, Piotr"]
[Result "0-1"]
[WhiteElo "2078"]
[BlackElo "1783"]
[PlyCount "78"]
[EventDate "2016.09.03"]
[EventType "team-swiss"]
[EventRounds "9"]
[EventCountry "POL"]
[SourceTitle "EXT 2017"]
[Source "ChessBase"]
[SourceDate "2016.10.25"]
[SourceVersion "1"]
[SourceVersionDate "2016.10.25"]
[SourceQuality "1"]
[WhiteTeam "Wroclaw AZS Politechnika"]
[BlackTeam "Rzeszow"]
[WhiteTeamCountry "POL"]
[BlackTeamCountry "POL"]

1. c4 Nf6 2. Nc3 d6 3. g3 g6 4. Bg2 Bg7 5. d3 Nc6 6. Rb1 0-0 7. b4 e5 8. Bd2 Rb8 9. Qc1 Nd4 10. e3 Ne6 11. Nge2 b6 12. Qa3 a6 13. 0-0 Ng5 14. f4 exf4 15. Nxf4 Re8 16. Ncd5 Ng4 17. h3 Ne5 18. Qb3 c6 19. Nc3 Bf5 20. Nce2 h5 21. Nd4 Qd7 22. Nxf5 Qxf5 23. d4 Nd7 24. Nd5 Nxh3+ 25. Kh2 Nf2 26. Nc7 Re7 27. Nxa6 Ra8 28. Nc7 Rc8 29. e4 Rxe4 30. Rbe1 Rxe1 31. Bxe1 Ng4+ 32. Kh1 Qg5 33. Na6 Bxd4 34. c5 Nde5 35. cxd6 Rd8 36. Bxc6 Rxd6 37. Bg2 Rf6 38. Rxf6 Qxf6 39. Be4 Nf2+ 0-1

[Event "POL-chT 2nd League"]
[Site "Jastrzebia Gora"]
[Date "2016.09.05"]
[Round "3.81"]
[White "Rudnicki, Milosz"]
[Black "Ziemniak, Piotr"]
[Result "1-0"]
[WhiteElo "2199"]
[BlackElo "1783"]
[PlyCount "51"]
[EventDate "2016.09.03"]
[EventType "team-swiss"]
[EventRounds "9"]
[EventCountry "POL"]
[SourceTitle "EXT 2017"]
[Source "ChessBase"]
[SourceDate "2016.10.25"]
[SourceVersion "1"]
[SourceVersionDate "2016.10.25"]
[SourceQuality "1"]
[WhiteTeam "Grzybowo GKSz Solny"]
[BlackTeam "Rzeszow"]
[WhiteTeamCountry "POL"]
[BlackTeamCountry "POL"]

1. e4 c5 2. Nf3 d6 3. d4 cxd4 4. Nxd4 Nf6 5. Nc3 a6 6. Be3 e5 7. Nb3 Be6 8. Be2 Be7 9. 0-0 Qc7 10. a4 0-0 11. Kh1 Nbd7 12. f4 Rac8 13. Bf3 exf4 14. Bxf4 Ne5 15. Nd4 Nc4 16. Nd5 Bxd5 17. exd5 Nxb2 18. Qe1 Rfe8 19. Qg3 Bf8 20. Nf5 Ne4 21. Bxe4 Rxe4 22. Bxd6 Qc3 23. Nh6+ Kh8 24. Nxf7+ Kg8 25. Nh6+ Kh8 26. Qxc3 1-0

[Event "POL-chT3 Podkarpackie"]
[Site "Czudec"]
[Date "2016.06.18"]
[Round "6.8"]
[White "Mis, Mieszko"]
[Black "Ziemniak, Piotr"]
[Result "1-0"]
[WhiteElo "2069"]
[BlackElo "1769"]
[PlyCount "107"]
[EventDate "2016.05.27"]
[EventType "team-tourn"]
[EventRounds "9"]
[EventCountry "POL"]
[SourceTitle "EXT 2018"]
[Source "ChessBase"]
[SourceDate "2017.10.13"]
[SourceVersion "1"]
[SourceVersionDate "2017.10.13"]
[SourceQuality "1"]
[WhiteTeam "Czarna LKSz GCKiP"]
[BlackTeam "Rzeszow RzKSz"]
[WhiteTeamCountry "POL"]
[BlackTeamCountry "POL"]

1. d4 Nf6 2. Nf3 g6 3. g3 Bg7 4. Bg2 d6 5. 0-0 0-0 6. c4 Nbd7 7. Nc3 c6 8. Qb3 Qb6 9. Qxb6 Nxb6 10. b3 Bg4 11. Bb2 d5 12. cxd5 Nbxd5 13. h3 Nxc3 14. Bxc3 Nd5 15. Bb2 Bxf3 16. Bxf3 Rad8 17. Rfd1 e6 18. Rac1 Bh6 19. e3 Rfe8 20. a3 a6 21. Kf1 Rd7 22. Ke2 Nc7 23. h4 Bf8 24. h5 g5 25. g4 h6 26. Be4 Nd5 27. Kd3 Nf6 28. Bf3 e5 29. Kc2 e4 30. Be2 Nd5 31. b4 Re6 32. Bf1 Rf6 33. Rd2 Re6 34. Kb3 Bd6 35. Rdc2 Re8 36. Bc4 Nf6 37. Rg1 Bf8 38. a4 Rc7 39. d5 cxd5 40. Bxf6 dxc4+ 41. Rxc4 Rxc4 42. Kxc4 Re6 43. Bd4 Rc6+ 44. Kb3 b5 45. axb5 axb5 46. Rd1 f6 47. Bc3 Rd6 48. Bd4 Kf7 49. Rc1 Ke6 50. Rc7 Rd7 51. Rc8 Bd6 52. Rh8 Be5 53. Bxe5 Kxe5 54. Rxh6 1-0

[Event "POL-chT 2nd League"]
[Site "Jastrzebia Gora"]
[Date "2015.09.11"]
[Round "7.100"]
[White "Zolnierowicz, Krzysztof"]
[Black "Ziemniak, Piotr"]
[Result "1-0"]
[WhiteElo "2043"]
[BlackElo "1838"]
[PlyCount "59"]
[EventDate "2015.09.05"]
[EventType "team-swiss"]
[EventRounds "9"]
[EventCountry "POL"]
[SourceTitle "EXT 2017"]
[Source "ChessBase"]
[SourceDate "2016.10.25"]
[SourceVersion "1"]
[SourceVersionDate "2016.10.25"]
[SourceQuality "1"]
[WhiteTeam "Swiecie Gambit"]
[BlackTeam "Rzeszow RzKSz"]
[WhiteTeamCountry "POL"]
[BlackTeamCountry "POL"]

1. e4 c5 2. Nf3 d6 3. c3 Nc6 4. d4 Nf6 5. d5 Ne5 6. Nfd2 Bg4 7. f3 Bd7 8. a4 e6 9. c4 exd5 10. cxd5 Be7 11. Nc3 0-0 12. f4 Ng6 13. Nc4 Re8 14. Bd3 Ng4 15. 0-0 Bf6 16. Ne2 Be7 17. h3 Nf6 18. Nc3 Qc8 19. e5 Bxh3 20. exf6 Bxf6 21. f5 Bd4+ 22. Kh2 Bxg2 23. Kxg2 Nh4+ 24. Kh1 Qd8 25. Ne4 Nxf5 26. Bg5 Ng3+ 27. Kg2 f6 28. Nxg3 fxg5 29. Bxh7+ Kxh7 30. Qh5+ 1-0

[Event "POL-chT 2nd League"]
[Site "Jastrzebia Gora"]
[Date "2015.09.07"]
[Round "3.82"]
[White "Ziemniak, Piotr"]
[Black "Sliwicka, Alicja"]
[Result "0-1"]
[WhiteElo "1838"]
[BlackElo "2003"]
[PlyCount "60"]
[EventDate "2015.09.05"]
[EventType "team-swiss"]
[EventRounds "9"]
[EventCountry "POL"]
[SourceTitle "EXT 2017"]
[Source "ChessBase"]
[SourceDate "2016.10.25"]
[SourceVersion "1"]
[SourceVersionDate "2016.10.25"]
[SourceQuality "1"]
[WhiteTeam "Rzeszow RzKSz"]
[BlackTeam "Zielonka Zieloni"]
[WhiteTeamCountry "POL"]
[BlackTeamCountry "POL"]

1. e4 c5 2. Nf3 d6 3. d4 Nf6 4. Nc3 cxd4 5. Nxd4 Bd7 6. Be2 e5 7. Nf3 Bc6 8. Bg5 Nbd7 9. Nd2 Be7 10. Be3 Nb6 11. 0-0 d5 12. Bxb6 axb6 13. exd5 Nxd5 14. Nxd5 Qxd5 15. Bf3 Qe6 16. Re1 0-0 17. Nb3 Rfd8 18. Qe2 Bd6 19. a3 e4 20. Bg4 f5 21. Bh3 Qe5 22. g3 Rf8 23. f4 Qxb2 24. a4 Qc3 25. Red1 Be7 26. Bf1 Kh8 27. Rd4 Bc5 28. Rad1 Rxa4 29. Nxc5 Rxd4 30. Ne6 Rxd1 0-1

[Event "POL-chT3 Podkarpackie"]
[Site "Pstragowa"]
[Date "2014.05.02"]
[Round "5.21"]
[White "Ziemniak, Piotr"]
[Black "Uryasz, Tomasz"]
[Result "1-0"]
[WhiteElo "1830"]
[BlackElo "1554"]
[PlyCount "29"]
[EventDate "2014.04.30"]
[EventType "team-tourn"]
[EventRounds "9"]
[EventCountry "POL"]
[SourceTitle "EXT 2015"]
[Source "ChessBase"]
[SourceDate "2014.11.20"]
[SourceVersion "1"]
[SourceVersionDate "2014.11.20"]
[SourceQuality "1"]
[WhiteTeam "Rzeszow"]
[BlackTeam "Pilzno GKSz Hetman II"]
[WhiteTeamCountry "POL"]
[BlackTeamCountry "POL"]

1. e4 e5 2. Nc3 Nc6 3. Bc4 Nf6 4. d3 Na5 5. f4 Nxc4 6. dxc4 exf4 7. e5 Qe7 8. Qe2 d6 9. exf6 gxf6 10. Qxe7+ Bxe7 11. Bxf4 Be6 12. Nd5 Bd8 13. 0-0-0 Rg8 14. g3 Kd7 15. Nf3 1-0